Представление документа в формате RUSMARC

ПолеНазваниеЗначение
  Тип записи a
  Библиографический уровень m
001 Контрольный номер RU\NLR\BIBL_A\010764610
005 Дата корректировки 20201206205003.1
010 Индекс ISBN __
a ISBN 978-5-4451-0452-0 (в пер.)
d Цена 259-60
100 Данные общей обработки __
a Данные общей обработки 19160210d2015||||||| 0rusy0189 ca
101 Язык документа 0_
a Язык текста rus
102 Страна публикации __
a Страна публикации RU|
105 Кодированные данные (монография) __
a Кодированные данные (монография) a|||||||000zy
200 Заглавие и сведения об ответственности 1_
a Заглавие Главная книга садовода и огородника
e Сведения, относящиеся к заглавию [безопасные средства борьбы с вредителями и болезнями, самые эффективные органические удобрения, рекомендации по увеличению урожая и его сохранению, современные сорт, +400 рецептов варений, солений и маринадов]
f Первые сведения об ответственности Октябрина и Александр Ганичкины
b Общее обозначение материала Текст
210 Выходные данные __
a Место издания Москва
c Издательство Оникс-Лит
d Дата издания 2015
215 Физическое описание __
a Объем 543 с.
c Иллюстрации/тип воспроизводства ил., табл.
d Формат 22 см
300 Общие примечания __
a Общие примечания 5000 экз.
330 Аннотация __
a Аннотация Книга адресована как опытным садоводам и огородникам, так и начинающим, поскольку написана простым и понятным языком. Из нее вы узнаете о самых современных биологических (а не химических!) средствах борьбы с вредителями и болезнями, а также о корневых и внекорневых подкормках натуральными жидкими удобрениями, что позволит получать экологически чистый урожай плодов и овощей без нитратов. Здесь вы найдете самые перспективные сорта, которые обеспечат надежный и богатый урожай. Не менее важный вопрос - подготовка почвы под посадку и посев овощных, плодово-ягодных и цветочно-декоративных культур - также подробно освещается в книге. Не забудьте про заготовки на зиму. Для вас мы даем 400 рецептов самых вкусных солений, варений и маринадов.
606 Тематические рубрики __
a Основная рубрика Сельское хозяйство
606 Тематические рубрики __
a Основная рубрика Овощеводство
610 Ключевые слова __
a Ключевые слова блюда из овощей
a Ключевые слова блюда из ягод
a Ключевые слова бобовые культуры
a Ключевые слова болезни растений
a Ключевые слова выращивание овощей
a Ключевые слова выращивание растений
a Ключевые слова домашнее консервирование
a Ключевые слова защита растений
a Ключевые слова зеленые культуры
a Ключевые слова консервирование
a Ключевые слова овощи
a Ключевые слова овощные блюда
a Ключевые слова овощные культуры
a Ключевые слова огородничество
a Ключевые слова огороды
a Ключевые слова плодово-ягодные культуры
a Ключевые слова плодово-ягодные растения
a Ключевые слова плодовые растения
a Ключевые слова практические советы
a Ключевые слова приусадебное растениеводство
a Ключевые слова приусадебное садоводство
a Ключевые слова растительные продукты
a Ключевые слова рецепты блюд
a Ключевые слова садоводство
a Ключевые слова садовые цветы
a Ключевые слова специальное растениеводство
a Ключевые слова удобрения
a Ключевые слова цветочные культуры
686 Индексы других классификаций __
2 Код системы rubbks
a Классификационный индекс 42.3я22
700 Автор _1
a Фамилия Ганичкина
b Имя О. А.
g Полное личное имя Октябрина Алексеевна
4 Код отношения 070
701 Альтернативная интеллектуальная ответственность _1
a Фамилия Ганичкин
b Имя А. В.
g Полное личное имя Александр Владимирович
4 Код отношения 070
801 Источник записи _0
a Страна RU
b Организация Муниципальное бюджетное учреждение культуры "Централизованная библиотечная система" г. Сургут (Центральная городская библиотека им. А. С. Пушкина)
c Дата составления 20160210
g Правила каталогизации КиК/Апакова
801 Источник записи _1
a Страна RU
b Организация Муниципальное бюджетное учреждение культуры "Централизованная библиотечная система" г. Сургут (Центральная городская библиотека им. А. С. Пушкина)
c Дата составления 20160210
g Правила каталогизации КиК/Апакова
852 Данные о местонахождении __
j Шифр хранения 42.3я22
i Авторский знак Г 19
901 Тип документа __
t Тип документа m
903 Характеристики (МАРС) __
a Дата передачи 20160210
969 Тип издания __
a Тип издания справочное пособие
990 Данные о заказе (DOS) __
j Количество экземпляров (DOS) 7
t N записи в КСУ для И/У (DOS) 201602